[Collection of documents related to forms of contract and quantity surveyors' fees for war damage repairs] (Record no. 116412)

MARC details
000 -LEADER
fixed length control field 00580ctc a22001935a 4500
001 - CONTROL NUMBER
control field L140663
008 - FIXED-LENGTH DATA ELEMENTS--GENERAL INFORMATION
fixed length control field 071003k19451946xxk eng u
035 ## - SYSTEM CONTROL NUMBER
System control number (Sirsi) u140663
041 0# - LANGUAGE CODE
Language code of text/sound track or separate title eng
110 1# - MAIN ENTRY--CORPORATE NAME
Corporate name or jurisdiction name as entry element United Kingdom
Subordinate unit Ministry of Health
9 (RLIN) 585
245 01 - TITLE STATEMENT
Title [Collection of documents related to forms of contract and quantity surveyors' fees for war damage repairs]
Medium [manuscript]
260 ## - PUBLICATION, DISTRIBUTION, ETC.
Date of publication, distribution, etc. 1945-1946
300 ## - PHYSICAL DESCRIPTION
Extent 10 items
Dimensions 33 x 20 cm.
351 ## - ORGANIZATION AND ARRANGEMENT OF MATERIALS
Hierarchical level Fonds
500 ## - GENERAL NOTE
General note Mss. (typescript)
651 4# - SUBJECT ADDED ENTRY--GEOGRAPHIC NAME
Geographic name United Kingdom
Chronological subdivision
690 ## - LOCAL SUBJECT ADDED ENTRY--TOPICAL TERM (OCLC, RLIN)
Topical term or geographic name as entry element BUILT ENVIRONMENT
942 ## - ADDED ENTRY ELEMENTS (KOHA)
Suppress in OPAC 0
Holdings
Withdrawn status Lost status Source of classification or shelving scheme Damaged status Not for loan Home library Current library Shelving location Date acquired Total Checkouts Full call number Barcode Date last seen Copy number Price effective from Koha item type
    Dewey Decimal Classification     London London Basement 03/10/2007   BAESMENT BOX 1 140663-1001 06/08/2019 1 06/08/2019 Archive